La política, los políticos y el medio ambiente (Record no. 197380)

MARC details
000 -LEADER
campo de control de longitud fija 02499nim a2200421 i 4500
001 - NÚMERO DE CONTROL
campo de control 197380
003 - IDENTIFICADOR DE NÚMERO DE CONTROL
campo de control ES-MaACL
005 - FECHA Y HORA DE LA ÚLTIMA TRANSACCIÓN
campo de control 20251109144828.0
007 - CAMPO FIJO DE DESCRIPCIÓN FÍSICA--INFORMACIÓN GENERAL
campo de control de longitud fija ss lsnjlcipnne
008 - DATOS DE LONGITUD FIJA--INFORMACIÓN GENERAL
campo de control de longitud fija 140525s1991 sp nnnn |||| 00| spa d
040 ## - FUENTE DE CATALOGACIÓN
Lengua de catalogación spa
Centro/agencia transcriptor ES-MaACL
245 00 - MENCIÓN DEL TÍTULO
Título La política, los políticos y el medio ambiente
Medio [Grabación sonora] :
Resto del título mesa redonda /
Mención de responsabilidad, etc. intervienen Salvador Jové, Juan Iglesias, Luis Maestre, Esperanza Aguirre, Rafael Guardo Polo y Santiago Martin Barajas; presenta Roberto Mangas
260 ## - PUBLICACIÓN, DISTRIBUCIÓN, ETC.
Lugar de publicación, distribución, etc. Madrid :
Nombre del editor, distribuidor, etc. Ateneo de Madrid,
Fecha de publicación, distribución, etc. 1991
300 ## - DESCRIPCIÓN FÍSICA
Extensión 2 casetes (ca. 180 min) :
Otras características físicas son. ;
Dimensiones 11 cm
490 1# - MENCIÓN DE SERIE
Materiales especificados Actos culturales en el Ateneo de Madrid
511 ## - NOTA DE PARTICIPANTES O INTÉRPRETES
Nota de participantes o intérpretes Intervienen Salvador José, área económica de Izquierda Unida; Juan Iglesias, área medioambiental de Centro Democrático y Social; Luis Maestre, director gerente agencia medio ambiente del Partido Socialista Obrero Español; Esperanza Aguirre, concejala delegada área medio ambiente del ayuntamiento de Madrid del Partido Popular; Rafael Guardo Polo, de Los Verdes y Santiago Martin Barajas, representante de Asociación Ecologista de Defensa de la Naturaleza ; presenta Roberto Mangas, miembro F.M.A
518 ## - NOTA DE FECHA/HORA Y LUGAR DE UN ACONTECIMIENTO
Nota de fecha/hora y lugar de un acontecimiento Grabado el 22 de mayo de 1991 en el Salón de Actos del Ateneo de Madrid
520 ## - RESUMEN, ETC.
Ampliación de la nota de sumario Conferencia sobre la política y el medioambiente en la que se encontraban figuras de Izquierda Unida, el Centro Democrático y Social, el PSOE, el Partido Popular, Los Verdes y asociaciones ecologistas, ofreciendo una visión plural sobre los retos y compromisos medioambientales desde distintas perspectivas ideológicas
540 ## - NOTA DE CONDICIONES DE USO Y REPRODUCCIÓN
Condiciones de uso y reproducción Documento inédito
594 ## - Nota al título y mención de responsabilidad
a Datos basados en la invitación
610 20 - PUNTO DE ACCESO ADICIONAL DE MATERIA--NOMBRE DE ENTIDAD CORPORATIVA
Nombre de entidad corporativa o nombre de jurisdicción como elemento de entrada Ateneo de Madrid-
Subdivisión general Actos culturales-
Subdivisión cronológica 1991-
Subdivisión de forma Grabaciones sonoras
9 (RLIN) 240452
650 #4 - PUNTO DE ACCESO ADICIONAL DE MATERIA--TÉRMINO DE MATERIA
9 (RLIN) 14947
Término de materia o nombre geográfico como elemento de entrada Medio ambiente
653 ## - TÉRMINO DE INDIZACIÓN--NO CONTROLADO
Término no controlado Archivo de la palabra
655 #0 - TERMINO DE INDIZACIÓN--GENERO/FORMA
Datos o término principal de género/forma Conferencias
9 (RLIN) 234444
700 1# - ENTRADA AGREGADA--NOMBRE PERSONAL
Nombre de persona Aguirre, Esperanza,
Fechas asociadas al nombre 1952-
Término indicativo de función/relación Orador
9 (RLIN) 18816
700 ## - ENTRADA AGREGADA--NOMBRE PERSONAL
9 (RLIN) 240646
Nombre de persona Mangas, Roberto
Término indicativo de función/relación presentador
700 1# - ENTRADA AGREGADA--NOMBRE PERSONAL
9 (RLIN) 240433
Nombre de persona Martín Barajas, Santiago
Término indicativo de función/relación Orador
700 ## - ENTRADA AGREGADA--NOMBRE PERSONAL
9 (RLIN) 240645
Nombre de persona Guardo Polo, Rafael
Término indicativo de función/relación Orador
700 ## - ENTRADA AGREGADA--NOMBRE PERSONAL
9 (RLIN) 240643
Nombre de persona Jové, Salvador
Término indicativo de función/relación Orador
700 ## - ENTRADA AGREGADA--NOMBRE PERSONAL
9 (RLIN) 240644
Nombre de persona Maestre, Luis
Término indicativo de función/relación Orador
710 2# - ENTRADA AGREGADA--NOMBRE DE ENTIDAD CORPORATIVA
Nombre de entidad corporativa o nombre de jurisdicción como elemento de entrada Ateneo de Madrid
9 (RLIN) 1875
Término indicativo de función/relación Sede
830 #0 - PUNTO DE ACCESO ADICIONAL DE SERIE-TÍTULO UNIFORME
Título uniforme Actos culturales en el Ateneo de Madrid
9 (RLIN) 240237
852 ## - LOCALIZACIÓN
Ubicación ES-MaACL
Ubicación en estantería Depósito Z
Designación de la unidad física Cinta 1
itemnumber 205717
852 ## - LOCALIZACIÓN
Ubicación ES-MaACL
Ubicación en estantería Depósito Z
Designación de la unidad física Cinta 2
itemnumber 205718
942 ## - ELEMENTOS DE ENTRADA SECUNDARIOS (KOHA)
Fuente del sistema de clasificación o colocación Clasificación decimal universal
Suprimir en OPAC No
Tipo de ítem Koha Casete
Holdings
Estatus retirado Estado de pérdida Fuente del sistema de clasificación o colocación Especificación de materiales (volumen encuadernado u otra parte) Estado de daño No para préstamo Colección Biblioteca de origen Biblioteca actual Ubicación en estantería Fecha de adquisición Total de préstamos Signatura topográfica completa Código de barras Visto por última vez Precio de reemplazo Tipo de ítem Koha
    Clasificación decimal universal Cinta 1     Archivo de la palabra Biblioteca del Ateneo de Madrid Biblioteca del Ateneo de Madrid Depósito Z 22/05/2025   AP/1300 2025-0443 22/05/2025 22/05/2025 Casete
    Clasificación decimal universal Cinta 2     Archivo de la palabra Biblioteca del Ateneo de Madrid Biblioteca del Ateneo de Madrid Depósito Z 22/05/2025   AP/1301 2025-0444 22/05/2025 22/05/2025 Casete